Características económicas volumen, 2

Uloženo v:
Podrobná bibliografie
Korporativní autor: El Salvador. Ministerio de Economía. Dirección General de Estadística y Censos
Médium: Text
Vydáno: San Salvador: DGEC
Tagy: Přidat tag
Žádné tagy, Buďte první, kdo vytvoří štítek k tomuto záznamu!

MARC

LEADER 00000 a a2200000 04500
001 20430
003
040
090 |a 085500  
110 |a El Salvador. Ministerio de Economía. Dirección General de Estadística y Censos  
245 |a Características económicas volumen, 2  
260 |a San Salvador:   |b DGEC  
300 |a 594 p.; v. 2  
999 |c 12379  |d 12379